| 000 | 00395cam a2200157ua 4500 | ||
|---|---|---|---|
| 041 |
_aeng _h |
||
| 082 |
_a631.45 _bDON/OU |
||
| 100 | _aDonahue, Roy L . | ||
| 245 |
_aOur soils and their management / _cRoy L Donahue. _hTextual Documents |
||
| 250 |
_a2 / _b. |
||
| 260 |
_aMumbai : _bAsia Publishing House , _c1961. |
||
| 300 | _a568 ; . | ||
| 504 | _a | ||
| 942 | _cBK | ||
| 999 |
_c5433 _d5433 |
||